Primera infància : demanda social i propostes de treball en els ens locals demanda social i propostes de treball en els ens locals
Descripción Física:
163 p. ; 24 cm
Colección:
Col·lecció serveis socials ; 14
Materias:
Treball social amb els infants
MARC
| LEADER | 00000nam a2200000Ia 4500 | ||
|---|---|---|---|
| 001 | 12083 | ||
| 008 | 160829s1998 xx 000 0 cat d | ||
| 080 | |a S-1-50 | ||
| 245 | |a Primera infància : |b demanda social i propostes de treball en els ens locals | ||
| 260 | |a Barcelona : |b Diputació de Barcelona, Àrea de Serveis Socials, |c 1998 | ||
| 300 | |a 163 p. ; |c 24 cm | ||
| 490 | |a Col·lecció serveis socials ; 14 | ||
| 650 | 0 | |a Treball social amb els infants |9 21966 | |
| 710 | |a Barcelona (Catalunya : Província). |b Àrea de Serveis Socials |9 53159 | ||
| 901 | |a Arxiu | ||
| 942 | |n 1 | ||
| 952 | |0 0 |1 0 |4 0 |6 S150 |7 1 |9 41967 |a Arxiu |b Arxiu |d 2016-12-01 |l 0 |o S-1-50 |p 12083 |r 2016-12-01 00:00:00 |w 2016-12-01 |y ARXIU | ||
| 999 | |c 44414 |d 44414 | ||